Normal view
MARC view
- إعداد شريف عتلم، محمد ماهر عبدالواحد
Entry Personal Name
001 - CONTROL NUMBER
- control field: 47166
003 - CONTROL NUMBER IDENTIFIER
- control field: JO-AjAnu
005 - DATE AND TIME OF LATEST TRANSACTION
- control field: 20230606081805.0
008 - FIXED-LENGTH DATA ELEMENTS
- fixed length control field: 230606|| aca||aabn | a|a d
040 ## - CATALOGING SOURCE
- Original cataloging agency: JO-AjAnu
- Transcribing agency: JO-AjAnu
100 ## - HEADING--PERSONAL NAME
- Personal name: إعداد شريف عتلم، محمد ماهر عبدالواحد
670 ## - SOURCE DATA FOUND
- Source citation: Work cat.: (JO-AjAnu)24138: إعداد شريف عتلم، محمد ماهر عبدالواحد, author, موسوعة اتفاقيات القانون الدولي الإنساني : النصوص الرسمية للاتفاقيات والدول المصدقة والموقعة